| 000 | 00416nam a2200145Ia 4500 | ||
|---|---|---|---|
| 008 | 220217s9999||||xx |||||||||||||| ||und|| | ||
| 020 | _a9789352605354 | ||
| 082 | _a658 TRI | ||
| 100 | _aTripathi, P.C and Reddy, P.N. | ||
| 245 | 0 | _aPrinciples of management | |
| 250 | _a6 | ||
| 260 |
_aMcGraw Hill Education (India) Private Limited _bNew Delhi _c2017 |
||
| 300 |
_aXXVII, 476p. _b560 |
||
| 650 | _aMANAGEMENT | ||
| 999 |
_c187987 _d187987 |
||